in Silico Immunology (Record no. 17096)

000 -LEADER
fixed length control field 00253nam a22001097a 4500
008 - FIXED-LENGTH DATA ELEMENTS--GENERAL INFORMATION
fixed length control field 140515t xxu||||| |||| 00| 0 eng d
020 ## - INTERNATIONAL STANDARD BOOK NUMBER
International Standard Book Number 0-387-39238-6
100 ## - MAIN ENTRY--PERSONAL NAME
Personal name Darren R. Flower
9 (RLIN) 853
245 ## - TITLE STATEMENT
Title in Silico Immunology
300 ## - PHYSICAL DESCRIPTION
Extent 450
942 ## - ADDED ENTRY ELEMENTS (KOHA)
Source of classification or shelving scheme
Koha item type Book
Holdings
Withdrawn status Lost status Source of classification or shelving scheme Damaged status Not for loan Permanent Location Current Location Date acquired Total Checkouts Full call number Barcode Date last seen Date last checked out Price effective from Koha item type Collection code
          Atta-ur-Rahman School of Applied Biosciences (ASAB) Atta-ur-Rahman School of Applied Biosciences (ASAB) 09/16/2015 1 616.07 FLO ASAB1058 05/23/2019 09/16/2015 09/16/2015 Book  
          Atta-ur-Rahman School of Applied Biosciences (ASAB) Atta-ur-Rahman School of Applied Biosciences (ASAB) 10/28/2014 1 616.07 FLO ASAB1059 03/22/2017 10/28/2014 10/28/2014 Book  
          Atta-ur-Rahman School of Applied Biosciences (ASAB) Atta-ur-Rahman School of Applied Biosciences (ASAB) 05/15/2014 2 616.07 FLO ASAB1057 09/07/2023 09/06/2023 05/15/2014 Book  
          Atta-ur-Rahman School of Applied Biosciences (ASAB) Atta-ur-Rahman School of Applied Biosciences (ASAB) 05/15/2014 1 616.07 FLO ASAB1056 11/14/2022 09/20/2022 05/15/2014 Book  
          Atta-ur-Rahman School of Applied Biosciences (ASAB) Atta-ur-Rahman School of Applied Biosciences (ASAB) 05/15/2014   616.07 FLO ASAB1055 05/15/2014   05/15/2014 Book  
© 2023 Central Library, National University of Sciences and Technology. All Rights Reserved.